LEADER 01139nam a2200205 i 4500 001 000000166007 003 CaOOAMICUS 005 20071103000000.0 008 071103s1904 it u000 u ita u 013 $a143375 040 $aSeMil$bita 245 10$aF. Petrarca e la Lombardia :$b[miscellanea di studi storici e ricerche critico-bibliografiche raccolta per cura della Società Storica Lombarda ricorrendo il sesto centenario dalla nascita del poeta]. 260 $aMilano :$bL. F. Cogliati,$c1904. 300 $a370 p., [8] p. di tav. ;$c25 cm. 600 14$aPetrarca, Francesco <1304-1374>.$0(OLS)http://semarc/subject/1171 710 2 $aSocietà Storica Lombarda .$0(OLS)http://semarc/name/1712 850 $aSeMil 852 $aSeMil$W1$xVenegono$y1$m1M V 11$j117178$B117178$CSeMilBibl$Z2$F127986 $81 996 $6245$aF. Petrarca e la Lombardia :$b[miscellanea di studi storici e ricerche critico-bibliografiche raccolta per cura della Società Storica Lombarda ricorrendo il sesto centenario dalla nascita del poeta]$9(OLS)http://semarc/title/237089 996 $6260$aMilano :$bL. F. Cogliati$9(OLS)http://semarc/publisher/29949 LEADER 01362nam a2200253 i 4500 001 000000004691 003 CaOOAMICUS 005 20250905095910.0 008 180830s1735 it u000 u lat u 040 $aSeMil$bita 100 0 $aFortunato : da Brescia,$d<1701-1754>.$0(OLS)http://semarc/name/34575 245 10$aPhilosophia sensuum mechanica ad usus academicos accommodata opera & studio p.f. Fortunati a Brixia ... Tomus 1. [-2.]. 260 $aBrixiae :$bEx typographia Joannis-Mariae Rizzardi,$c1735-1736. 300 $a2 v. ;$c4°. 500 $aFront. stampati in rosso e nero 500 $aVignetta calcogr. (Allegoria della Fisica) incisa da Peter Dooms sui front. 500 $aTestatine, finalini, iniz. xilogr. 650 4$aFisica - Manuali - Opere anteriori al 1900.$0(OLS)http://semarc/subject/44595 700 1 $aRizzardi, Giammaria,$c.$0(OLS)http://semarc/name/12521 774 0 $tTomus primus physicam generalem continens.$g1$w()82507 774 0 $tTomus secundus physicam particularem complectens.$g2$w()257639 996 $6245$aPhilosophia sensuum mechanica ad usus academicos accommodata opera & studio p.f. Fortunati a Brixia ... Tomus 1. [-2.]$9(OLS)http://semarc/title/400609 996 $6260$aBrixiae :$bEx typographia Joannis-Mariae Rizzardi$9(OLS)http://semarc/publisher/55641